Аналіз банківської діяльності (Запис № 332890)

МАРК-запис
000 -Лідер
fixed length control field 00712nam a22002537a 4500
003 - Ідентифікатор контрольного номера
control field UA-OsUOA
001 - Контрольний номер
control field 46782
007 - Фіксоване поле фізичного опису
fixed length control field ta
008 - Елементи даних фіксованої довжини – загальна інформація
fixed length control field 20070705b un ||||| |||| 00| 0 ukr d
090 ## - Локальний шифр розміщення
Класифікаційний індекс УДК 336.71(075.8)
Авторський знак (НП) Щ74
040 ## - Джерело каталогізації
Агенція оригінальної каталогізації UA-OsUOA
Мова каталогізації ukr
Агенція, яка здійснювала перезапис UA-OsUOA
Агенція, яка здійснювала модифікацію UA-OsUOA
041 ## - Код мови
Код мови тексту/ звукової доріжки чи окремого заголовка (П) ukr
080 ## - Індекс Універсальної десяткової класифікації
Індекс Універсальної десяткової класифікації (УДК) (НП) 336.71(075.8)
020 ## - Міжнародний стандартний книжковий номер (ISBN)
Міжнародний стандартний книжковий номер (ISBN) (НП) 966-346-275-2
100 ## - Основне введення – ім’я особи
Ім’я особи (НП) Щибиволок З. І.
245 ## - Відомості про назву
Назва (НП) Аналіз банківської діяльності
Решта назви (НП) Навчальний посібник
260 ## - Публікація, розповсюдження і т.п. (Вихідні дані)
Місце публікації, розповсюдження і т.п. (П) К.
Ім’я/ наймення видавництва, розповсюджувача і т.п. (П) Знання
Дата публікації, розповсюдження і т.п. (П) 2007
250 ## - Відомості про видання (редакцію)
-- 2-ге видання,, стереотипне
300 ## - Фізичний опис
Обсяг 311 с.
650 #7 - Додаткове предметне введення – тематичний термін
Тематичний термін чи географічна назва, як елемент введення (НП) 336 Фінанси
Джерело заголовка чи терміна UDC
942 ## - Додаткові елементи входу (Коха)
Тип елемента Koha Книги
955 ## - Код типу видання за змістом
Код типу видання за змістом (НП) Навчальні видання
Фонди
Стан вилучень Стан втрат Джерело класифікації або схеми стелажів Стан уражень Не для кредиту Постійне місце розташування Поточне розміщення Дата придбання Джерело придбання Вартість, звичайна ціна покупки Інвентарний номер Усього замовленно Повний номер виклику Штрих-код Дата останнього перегляду Ціна ефективна від Тип елемента Koha
    Universal Decimal Classification     ЧЗ - Читальна зала ЧЗ - Читальна зала 05/07/2007 122/2007 30.00 105492   336.71(075.8) Щ74 105492 06/02/2022 05/07/2007 Книги
    Universal Decimal Classification     ЧЗ - Читальна зала ЧЗ - Читальна зала 22/02/2011 23/2011 70.00 131038   336.71(075.8) Щ74 131038 06/02/2022 05/07/2007 Книги